| 000 | 00383 a2200169 4500 | ||
|---|---|---|---|
| 001 | 157074 | ||
| 020 | _a9788557692008 | ||
| 040 | _cEscola São Tomás de Aquino | ||
| 100 | _aMACHADO, Antônio | ||
| 240 | 1 | 0 |
_aMatemática e realidade _lpor |
| 245 | 1 | 0 | _aMatemática e realidade |
| 300 | _a376 p. | ||
| 362 | 0 | _a2018 | |
| 440 | 1 | _aAtual | |
| 697 | _aMATEMÁTICA | ||
| 942 | _cBK | ||
| 999 |
_c157074 _d157074 |
||